Inkrementálna detekcia anomálií
Guardado en:
| Autor principal: | |
|---|---|
| Otros Autores: | |
| Formato: | Manuscrito Libro |
| Lenguaje: | eslovaco |
| Publicado: |
2019
|
| Materias: | |
| Acceso en línea: | http://is.stuba.sk/zp/portal_zp.pl?podrobnosti=138085 |
| Etiquetas: |
Sin Etiquetas, Sea el primero en etiquetar este registro!
|
MARC
| LEADER | 00000ntm a22000003a 4500 | ||
|---|---|---|---|
| 001 | stuzp74886 | ||
| 003 | SK-STU | ||
| 005 | 20200625170539.5 | ||
| 007 | ta | ||
| 008 | 150427s2015----xo-----f-mn---000-0-slo-d | ||
| 040 | |a STU |b slo | ||
| 041 | 0 | |a slo | |
| 044 | |a xo | ||
| 100 | 1 | |a Zajac, Peter |u 070200 |k Z4 |4 aut |U FIIT Fakulta informatiky a informačných technológií |T FIIT Ústav informatiky, informačných systémov a softvérového inžinierstva |X 72451 |U I200 |Y 179 |7 72451 | |
| 242 | 0 | 1 | |a Incremental anomaly detection |y eng |
| 245 | 1 | 0 | |a Inkrementálna detekcia anomálií |
| 260 | |c 2019 | ||
| 650 | 4 | |a inkrementálna detekcia anomálií |2 slo | |
| 650 | 4 | |a konsenzus zhlukovania |2 slo | |
| 650 | 4 | |a inkrementálne učenie |2 slo | |
| 650 | 4 | |a incremental anomaly detection |2 eng | |
| 650 | 4 | |a consensus clustering |2 eng | |
| 650 | 4 | |a online learning |2 eng | |
| 700 | 1 | |a Ševcech, Jakub |u 070200 |k Z2 |4 ths |U FIIT Fakulta informatiky a informačných technológií |T FIIT Ústav informatiky, informačných systémov a softvérového inžinierstva |X 56312 |U I200 |Y 179 |7 56312 | |
| 856 | 4 | |u http://is.stuba.sk/zp/portal_zp.pl?podrobnosti=138085 | |
| 996 | |c I*DP103/19 |l II680 |s P |a 0 |w stuzp74886_0001 | ||